Scattering operator, Eisenstein series, inner product formula and "Maass-Selbreg" relations for Kleinian groups
Αποθηκεύτηκε σε:
| Κύριος συγγραφέας: | |
|---|---|
| Μορφή: | Βιβλίο |
| Γλώσσα: | English |
| Δημοσίευση: |
Rhode island :
American Mathematical Society,
1989.
|
| Σειρά: | Memoirs of the American Mathematical Society
400 |
| Θέματα: | |
| Ετικέτες: |
Προσθήκη ετικέτας
Δεν υπάρχουν, Καταχωρήστε ετικέτα πρώτοι!
|
MARC
| LEADER | 00000cam a2200000 i 4500 | ||
|---|---|---|---|
| 001 | 1/63589 | ||
| 008 | 960322s1989 gr | ||| |||| ||eng|| | ||
| 020 | |a 0821824635 | ||
| 035 | |l 10046814 | ||
| 040 | |a GR-MyUA |b gre |e AACR2 | ||
| 041 | 0 | |a eng | |
| 082 | 0 | |a 510 | |
| 100 | 1 | |a Μαντούβαλος, Νικόλαος. | |
| 245 | 1 | 0 | |a Scattering operator, Eisenstein series, inner product formula and "Maass-Selbreg" relations for Kleinian groups / |c Nikolaos Mandouvalos. |
| 260 | |a Rhode island : |b American Mathematical Society, |c 1989. | ||
| 300 | |a 85 σ. ; |c 25 εκ. | ||
| 490 | 1 | |a (Memoirs of the American Mathematical Society |v ; 400) | |
| 504 | |a Περιέχει βιβλιογραφικές αναφορές. | ||
| 650 | 0 | 0 | |a Eisenstein series. |
| 650 | 0 | 0 | |a Scattering operator. |
| 650 | 0 | 0 | |a Kleinian groups. |
| 650 | 0 | 0 | |a Spectral theory (Mathematics) |
| 650 | 0 | 0 | |a Selberg trace formula. |
| 830 | 0 | |a Memoirs of the American Mathematical Society |v 400 | |
| 852 | |a INST |b SAMOS |e 19960322 |h 510 MAN |p 005300010009 |q 005300010009 |t BK |y 0 | ||
| 909 | |a Σ |b 033775 | ||